| 000 | 00932cam a2200229 a 4500 | ||
|---|---|---|---|
| 005 | 20160520162545.0 | ||
| 008 | 160219s2015 ck ad r 00000 spa d | ||
| 040 |
_aCO-BoBLA _cCO-BoBLA _dCO-BoIAVH |
||
| 041 | 0 | _aspa | |
| 044 | _ack | ||
| 082 | 0 | 4 |
_a333.707 _bC71i2 |
| 110 | 1 |
_aColombia. _bContraloría General de la República. |
|
| 245 | 1 | 0 |
_aInforme sobre el estado de los recursos naturales y del ambiente 2014-2015 / _cContraloría General de la República. |
| 260 |
_aBogotá : _bContraloría General de la República, _c2015. |
||
| 300 |
_a115 páginas : _bilustraciones ; _c28 cm. |
||
| 500 | _aIncluye anexos. | ||
| 650 | 1 | 6 |
_aProtección ambiental _zColombia _vInformes _y2014-2015. |
| 650 | 2 | 6 |
_aImpacto ambiental _zColombia _vInformes _y2014-2015. |
| 650 | 2 | 6 |
_aRecursos naturales _zColombia _vInformes _y2014-2015. |
| 700 | 1 |
_aSierra, Luz María, _eeditora. |
|
| 942 |
_2ddc _cLIBRO |
||
| 999 |
_c18734 _d18734 |
||